000 00269nam a2200109Ia 4500
008 190216s9999||||xx |||||||||||||| ||und||
100 _aShivaram M
245 0 _aMalayalam-Yathravivaranam-Chalo Delhi
260 _bNbs Kottayam
650 _aYathravivaranam
942 _cBK
999 _c24584
_d24584